000 00450nam a2200169Ia 4500
001 27553
003 IN-NITTTR
005 20251114233343.0
008 251113s9999||||xx |||||||||||||| ||eng||
040 _beng
040 _cIN-NITTTR
041 _aeng
082 _a005.8 C445H
100 _aChirillo, John
245 0 _aHack attacks denied :
_b a complete guide to network lockdown for Unix, Windows and Linux /
_cChirillo, John
942 _2ddc
_cBK
999 _c30181
_d30181